| 000 | 00677nam a22002057a 4500 | ||
|---|---|---|---|
| 003 | OSt | ||
| 005 | 20250808023105.0 | ||
| 008 | 240516b |||||||| |||| 00| 0 eng d | ||
| 020 | _a9786210441253 | ||
| 040 |
_aDWC- Main Lib. _cOC |
||
| 082 | _aFil. 658.072 C112a 2022 | ||
| 100 | _aCabulay, Danny Araneta | ||
| 245 |
_aAccounting research methods / _cDanny Araneta Cabulay |
||
| 250 | _aFirst edition. | ||
| 260 |
_aSampaloc, Manila, Philippines : _bRex Bookstore, _cc2022. |
||
| 300 |
_aix, 188 pages : _billustrations ; _c26cm. |
||
| 504 | _aIncludes bibliographical references and index. | ||
| 650 | _a1. Accounting- research- methodology | ||
| 942 |
_2ddc _cBK - FIL _kFil. _n0 |
||
| 999 |
_c34 _d34 |
||